Libri AIDS (1985-1995) /

Na minha lista:
Detalhes bibliográficos
Outros Autores: Merlini, Marina, Mazzola, Anna
Formato: Livro
Idioma:Língua italiana
Publicado em: [Milano] : Centro studi A77, 1995
Tags: Adicionar Tag
Sem tags, seja o primeiro a adicionar uma tag!

MARC

LEADER 00000nam a22000007i 4500
001 IT\ICCU\UBO\3563393
003 ItRI
005 20260115232409.0
008 090129s1995 it |||||| ||||| |||||c
040 |b ita  |c importazione bologna sebina 
041 7 |a ita  |2 ISO-639-2 
245 0 0 |a Libri AIDS (1985-1995) /  |c a cura di Marina Merlini e Anna Mazzola. 
260 |a [Milano] :  |b Centro studi A77,  |c 1995 
300 |a 135 p. ;  |c 24 cm. 
700 1 |a Merlini, Marina  |0 IT\ICCU\UBOV\303169 
700 1 |a Mazzola, Anna  |0 IT\ICCU\UBOV\303170 
942 |2 ddc  |c BK  |n 0 
952 |0 0  |1 0  |4 0  |6 A_616_979000000000000_MER  |7 0  |9 25382  |a BO  |b BO  |d 2026-01-15  |i 3669  |l 0  |o A 616.979 MER  |p BO3669  |r 2026-01-15 23:24:09  |w 2026-01-15  |x [Sebina 7] [1 v. (2. copia)]  |y BK  |z 1 v. (2. copia) 
952 |0 0  |1 0  |4 0  |6 A_616_979000000000000_MER  |7 0  |9 25383  |a BO  |b BO  |d 2026-01-15  |i 3683  |l 0  |o A 616.979 MER  |p BO3683  |r 2026-01-15 23:24:09  |w 2026-01-15  |x [Sebina 5] [1 v.]  |y BK  |z 1 v. 
999 |c 21557  |d 21557